000 00305nam a22001337a 4500
008 170419b xxu||||| |||| 00| 0 eng d
020 _a9780321512444
041 _aeng
080 _25 ED
_a573
100 _a11
101 _aSHM
245 _aBIOLOGY CONCEPT CONRCTION
_cCAMPBELL.N.A
942 _2udc
_cBK
999 _c11259
_d11259